000 01762nam1a2200349 i 4500
001 RU\NLR\bibl\1448323
005 20241114200745.0
035 _a(NLR Aleph) 001440151
090 _a1457757
_c1457757
100 _a20091207g20089999u y0rusy50 ca
101 1 _arus
_cger
102 _aRU
105 _a||||z |||||
200 1 _aЗаметки о путешествии в южные наместничества Российской империи в 1793 и 1794 годах
_e(избранное)
_eперевод с немецкого
_fП.С. Паллас
_g[редкол.: к.и.н. В.М. Викторин и др.]
210 _aАстрахань
_cАгентство по печати и информационным коммуникациям Астраханской области
_cВолга
_d2008
215 _d21
225 1 _aСерия "Астраханская губернская библиотека"
463 0 _10011437441
600 1 _aПаллас
_bП.С.
_f1741 - 1811
_gПетр Симон
_91219223
_3RU\NLR\auth\66495866
607 _aРоссия
_xОписание и путешествия русские
_yЮг
_z18 в.
_92577532
_3RU\NLR\auth\661523910
607 _aРоссия
_jВоспоминания, записки и т.п.
_xИстория
_yЮг
_92306947
_3RU\NLR\auth\661380860
686 _aД890(27)022
686 _aД8д(2)Паллас
686 _aТ3(27)46,013
700 1 _aПаллас
_bП. С.
_f1741-1811
_gПетр Симон
_4070
702 1 _aВикторин
_bВ. М.
_gВиктор Михайлович
_4340
801 0 _aRU
_bNLR
_c20091207
_gRCR
801 1 _aRU
_bNLR
_c20091207
830 _aред. по базе
852 _aNLR
_j2009-3/36302
942 _cBOOK